Clubs de football commençant par O - Statistiques

Statistiques générales
  • Ce quiz a été pris 372 fois
  • Le résultat moyen est 7 sur 12
Statistiques - réponses
Par images Réponse % Correct
Olympique de Marseille
99%
Olympique lyonnais
99%
OGC Nice
96%
Olympiakos
92%
Osasuna
87%
Orléans
73%
Orlando Pirates
51%
Orlando City
36%
Oxford United
29%
Oud-Heverlee Louvain
16%
Östers IF
5%
Odds BK
3%
Aucun quiz correspondant
Distribution des résultats
% des personnes avec chaque résultat
Percentile par nombre de réponses
Votre historique - résultats
Vous n’avez pas pris ce quiz